000 00422nam a22001697a 4500
005 20160518110950.0
008 160518b xxu||||| |||| 00| 0 eng d
020 _a81-85386-05-6
041 _aeng
082 _b2816
100 _aLesikar. Raymond V. Pttit John D.
_9740
245 _aBusiness Communication Theory and Application
260 _aDelhi
_bAITB.
300 _a749
650 _aManagement
_9241
942 _cBK
999 _c995
_d995